| 000 | 01549nam a22001697a 4500 | ||
|---|---|---|---|
| 003 | OSt | ||
| 005 | 20220107122810.0 | ||
| 008 | 160328b xxu||||| |||| 00| 0 eng d | ||
| 040 | _c | ||
| 100 |
_aSreedhu Madhusudanan (93613030) _98752 |
||
| 245 | _aPassword sniffing on campus lan | ||
| 502 |
_bMaster of Science in Computer Science and Information security _c2013-2015 _dEXT _eRajasree M S _fAnil Prabhakar _g"Indian Institute of Technology, Madras" |
||
| 520 | _aHacking is a method of stealing information. Password sniffing is a common hacking technique in which steal the password and used for their own purposes. Through this project sniffing password from LAN is by a tool wlans. This can access the LAN. It includes fast port scanner for gathering information about open ports on remote computer also it shares user accounts. Using python scripts identify the active users on LAN and see usernames, passwords. Steal the victim’s cookies. Inject arbitrary HTML into pages they visit. Hook their browser with BEeF (Browser Exploitation Tool) and send them a fake flash update to download whatever payload you want. Take total control or silently watch victim’s every movement. This is a multithreaded, asynchronous packet parsing or injecting ARP poisoner. Through this tool we can access the hooked systems: URLs visited, usernames, passwords, messages, and searches made, perform a fast and simple port scan prior to catching their packets. | ||
| 650 |
_aSECURITY AND PRIVACY _98753 |
||
| 650 |
_aNETWORK SECURITY _98754 |
||
| 942 |
_2ddc _cPR |
||
| 999 |
_c5044 _d5044 |
||